Walking : fitness & health through everyday activity (Record no. 11353)

MARC details
000 -LEADER
fixed length control field 00279nam a22000977a 4500
008 - FIXED-LENGTH DATA ELEMENTS--GENERAL INFORMATION
fixed length control field 190313b ||||| |||| 00| 0 eng d
020 ## - INTERNATIONAL STANDARD BOOK NUMBER
International Standard Book Number 9781841260013
100 ## - MAIN ENTRY--PERSONAL NAME
Personal name Bos
9 (RLIN) 7094
245 ## - TITLE STATEMENT
Title Walking : fitness & health through everyday activity
260 ## - PUBLICATION, DISTRIBUTION, ETC. (IMPRINT)
Place of publication, distribution, etc. UK
Name of publisher, distributor, etc. Meyer & Meyer Sport
Date of publication, distribution, etc. 1999
Holdings
Withdrawn status Lost status Source of classification or shelving scheme Damaged status Koha normalized classification for sorting Not for loan Home library Current library Shelving location Date acquired Total Checkouts Full call number Barcode Date last seen Price effective from Koha item type
    Dewey Decimal Classification   613_000000000000000_K2   Good Samaritan School Library Good Samaritan School Library Medical Diagnostics 03/13/2019   613 K-2 BOS15228 03/13/2019 03/13/2019 BOOK

Powered by Koha